'O' in Africa Quiz Stats

Quiz Updated Apr 3, 2016

Challenge
Share
Tweet
Embed
Score 0/22 Timer 03:00
6 Plays Today
% Correct
South Africa
95.4%
Democratic Republic of the Congo
88.9%
Morocco
88.3%
Somalia
82%
Lesotho
81.5%
South Sudan
81.3%
Angola
81%
Republic of the Congo
79.9%
Ethiopia
79.6%
Botswana
78.6%
Togo
78.6%
% Correct
Côte d'Ivoire
76.9%
Cameroon
76.5%
Mozambique
76%
Comoros
70.5%
Djibouti
69.5%
Gabon
69%
Burkina Faso
64.5%
Sierra Leone
61.1%
São Tomé and Príncipe
60.4%
Equatorial Guinea
59.2%
Cabo Verde
55.1%

You're not logged in!

Compare scores with friends on all Sporcle quizzes.
Join for Free
OR
Log In

You Might Also Like...

Show Comments

Extras

Top Quizzes Today


Score Distribution

Your Account Isn't Verified!

In order to create a playlist on Sporcle, you need to verify the email address you used during registration. Go to your Sporcle Settings to finish the process.

Report this User

Report this user for behavior that violates our Community Guidelines.

Details: